000 00264 a2200109 4500
001 50735
040 _cAnchieta - Pituba
240 1 0 _aPhonothek Intensiv
_l
245 1 0 _aPhonothek Intensiv
650 4 _aLínguas germânicas (teutônicas) língua alemã
942 _cMU
999 _c50735
_d50735